书目信息 |
| 题名: |
装饰雕塑设计
|
|
| 作者: | 装饰艺术设计系 编 | |
| 分册: | ||
| 出版信息: | 哈尔滨 黑龙江美术出版社 1996.09 |
|
| 页数: | 327页 | |
| 开本: | 16开 | |
| 丛书名: | ||
| 单 册: | ||
| 中图分类: | J313.3 | |
| 科图分类: | ||
| 主题词: | 雕塑--(技术)美术 | |
| 电子资源: | ||
| ISBN: | 7-5318-0368-2 | |
| 000 | 00587nam0 2200193 45 | |
| 001 | 0011212010 | |
| 005 | 20001121202407.9 | |
| 010 | @a7-5318-0368-2@d128.00元 | |
| 100 | @a20001121d1996 km y0chiy0120 ea | |
| 101 | 0 | @achi |
| 105 | @a z 000yy | |
| 200 | 1 | @a装饰雕塑设计@AZhuang Shi Diao Su She Ji@f装饰艺术设计系编@FZhuang Shi Yi Shu She Ji Xi Bian |
| 210 | @a哈尔滨@c黑龙江美术出版社@d1996.09 | |
| 215 | @a327页@d16开 | |
| 606 | 0 | @a雕塑@x(技术)美术 |
| 690 | @aJ313.3@v3 | |
| 701 | 0 | @a装饰艺术设计系@4编 |
| 801 | @aCN@bPftUser@c20001121 | |
| 905 | @b500126-130@dJ313.3@eZH.237@f5 | |
| 装饰雕塑设计/装饰艺术设计系编.-哈尔滨:黑龙江美术出版社,1996.09 |
| 327页;16开 |
| ISBN 7-5318-0368-2:128.00元 |
| ● |
| 相关链接 |
|
|
|
正题名:装饰雕塑设计
索取号:J313.3/ZH.237
 
预约/预借
| 序号 | 登录号 | 条形码 | 馆藏地/架位号 | 状态 | 备注 |
| 1 | 500126 | 205001264 | 社科库309/309社科库 81排4列2层/ [索取号:J313.3/ZH.237] | 在馆 | |
| 2 | 500127 | 205001273 | 社科库309/309社科库 81排4列2层/ [索取号:J313.3/ZH.237] | 在馆 | |
| 3 | 500128 | 205001282 | 自科二线404/309社科库 81排4列3层/ [索取号:J313.3/ZH.237] | 在馆 | |
| 4 | 500129 | 205001291 | 社科库309/309社科库 81排4列2层/ [索取号:J313.3/ZH.237] | 在馆 | |
| 5 | 500130 | 205001308 | 社科库309/309社科库 81排4列2层/ [索取号:J313.3/ZH.237] | 在馆 |